| 000 | 00969nam0a22002771 4500 | ||
|---|---|---|---|
| 001 | v19\rc\1533691 | ||
| 005 | 20060620131137.3 | ||
| 035 | _a(NLR Aleph) 004653112 | ||
| 090 |
_a3449073 _c3449072 |
||
| 100 | _a20060620d1887 |||y0rusy50 ca | ||
| 101 | 0 | _arus | |
| 102 | _aRU | ||
| 105 | _aa z ||||| | ||
| 200 | 1 |
_aУход за ребенком в первый год его жизни _eПракт. советы матерям женщины-врача О.А. Штофф |
|
| 210 |
_aСанкт-Петербург _cЛ.Ф. Пантелеев _d1887 |
||
| 215 |
_a[2], 87 с. _cил. _d20 |
||
| 300 | _aВ конце предисловия авт.: Ольга Штофф | ||
| 700 | 1 |
_aШтофф _bО. А. _f1848- _gОльга Александровна |
|
| 801 | 0 |
_aRU _bNLR _gpsbo |
|
| 801 | 0 |
_aRU _bRuMoRGB _2psbo |
|
| 801 | 1 |
_aRU _bProSoft-M _2rusmarc |
|
| 852 |
_aNLR _j18.211.1.440 |
||
| 899 |
_aRuMoRGB _jT 30/876 |
||
| 899 | _aБАН | ||
| 942 | _cBOOK | ||
| 980 | _aNB | ||